01816nas a2200289Ia 4500001001100000003001000011008004100021040002500062041001300087100002100100210001700121222001700138245007800155250001100233260008100244300001200325310001600337362001300353500040600366501011400772520040600886650002501292942000701317957000601324999003401330952016201364R050-R9736IT-CnALBA170116c99999999xx |||||||||||| ||und|| aIT-CnALBAcIT-CnALBA aITALIANO aBARDESSONO P. B. aDIVUS THOMAS aDIVUS THOMAS 0aDIVUS THOMAS. COMMENTARIUM DE PHILOSOPHIA ET THEOLOGIA. ANNO XLI (1938).  a1a ed. a PIACENZAbCOLLEGIO ALBERONI c1938 [1° Ed.:1938 - Ed.Ling.Originale: 1938] a648 p.  aTRIMESTRALE a (1938) aCOMMENTO DI FILOSOFIA E TEOLOGIA. ANTITESI DI PECCATO E REDENZIONE. SINTESI DELLA SALVEZZA IN S. GIOVANNI. REALISMO TOMISTA. XII CONGRESSO NAZIONALE DI FILOSOFIA, NAPOLI SETTEMBRE 1937, ROSSI A. NOTE DI CRITICA TESTUALE TOMISTA. DISSERTAZIONI. NOTE DISPUTE. GIUDIZIO SULLE OPERE. NOTE BIBLIOGRAFICHE. RECENSIONI GIORNALI SUI PADRI E SCRITTORI ECCLESIASTICI. FILOSOFI, QUESTIONI DOGMATICHE. ARGOMENTI.  aSocietà San Paolo EM - Piazza San Paolo, 14 - 12051 ALBA (CN) (non commercial uses only) ® Copyright 2017 aCOMMENTO DI FILOSOFIA E TEOLOGIA. ANTITESI DI PECCATO E REDENZIONE. SINTESI DELLA SALVEZZA IN S. GIOVANNI. REALISMO TOMISTA. XII CONGRESSO NAZIONALE DI FILOSOFIA, NAPOLI SETTEMBRE 1937, ROSSI A. NOTE DI CRITICA TESTUALE TOMISTA. DISSERTAZIONI. NOTE DISPUTE. GIUDIZIO SULLE OPERE. NOTE BIBLIOGRAFICHE. RECENSIONI GIORNALI SUI PADRI E SCRITTORI ECCLESIASTICI. FILOSOFI, QUESTIONI DOGMATICHE. ARGOMENTI.  aTEOLOGIA - FILOSOFIA cCR 71 a61303bSI g1c328329d328329 0010406R_050R973671aALBAbALBAd2017-01-16l0oR050-R9736r2017-01-16 00:00:00w2017-01-16yCRz(data import: 16 gennaio 2017) - By Epidotti, Vaglietti.